Music Quiz

Random Music or Album Quiz

Entombed discography Quiz Stats

 Plays Quiz not verified by Sporcle

Score 0/9 Timer 03:00
0 Plays Today
Year Album % Correct
1990Left Hand Path
94.9%
1991Clandestine
92.3%
1993Wolverine Blues
92.3%
2001Morning Star
64.1%
1997To Ride, Shoot Straight and Speak the Truth
56.4%
2007Serpent Saints - The Ten Amendments
56.4%
2000Uprising
48.7%
2003Inferno
46.2%
1998Same Difference
43.6%

You're not logged in!

Compare scores with friends on all Sporcle quizzes.
OR
Log In

Show Comments

Extras

Top Quizzes Today


Score Distribution

Your Account Isn't Verified!

In order to create a playlist on Sporcle, you need to verify the email address you used during registration. Go to your Sporcle Settings to finish the process.

Report this User

Report this user for behavior that violates our Community Guidelines.

Details: